00223nam a2200097Ia 4500008004100000100001600041245001900057260002300076300000800099650001800107191201s2008 xx 000 0 und d aDHAMIJA, PV 0aSpoken English aN.DelhibTMHc2008 a281 aGeneral Books